00615nam a22001817a 4500952015000000999001700150003000400167005001700171008004100188020001800229040000900247082001800256100002100274245005800295260002400353300001400377942004200391 00102ddc40708BOTANYaMESbMEScBOTANYd2022-11-08g425.00l3m1o631.53 SIN/Pp41693r2023-08-18 15:10:16s2023-08-11w2022-11-08yBKzGL19R5 c41760d41760OSt20221108141501.0221108b ||||| |||| 00| 0 eng d a9789327252323 coclc a631.53bSIN/P 98319aSingh, B D aPlant Breeding:bPrinciples and methods /cB D Singh. bKalyani Publishers, a852 pages 2ddccBKh631.53iSIN/Pk631.53mSIN/P